000 00562nam a2200241Ia 4500
008 160901s9999 xx 000 0 und d
020 _a0-7821-1802-X
050 _aComSc T 385
050 _b.A48 1996
100 _aAltman, Rick.
245 _aMastering CorelDraw 6 /
245 _cRick Altman.
250 _a2nd Edition
260 _aSan Francisco :
260 _bSybex Inc.,
260 _c1996
300 _a1175 pages :
300 _bill. ;
300 _c23 cm.
300 _eCD-ROM
650 _aCorelDraw.
650 _xComputer graphics.
999 _c300956
_d300956